Υποψηφιακαί ασκήσεις και βασικωτέρα θεωρία μαθηματικής αναλύσεως

Saved in:
Bibliographic Details
Main Author: Κυριακόπουλος, Α. Κ.
Format: Book
Language:Greek
Published: Αθήναι : [Αφών Παπαδημητροπούλου], [1976].
Subjects:
Tags: Add Tag
No Tags, Be the first to tag this record!

MARC

LEADER 00000cam a2200000 a 4500
001 1/108977
008 150929s1976####gr | ||| |||| ||gre||
040 |a GR-MyUa  |b gre  |c GR-MyUa  |e AACR2 
041 0 |a gre 
082 7 |a 515   |2 (23) 
100 1 |a Κυριακόπουλος, Α. Κ. 
245 1 0 |a Υποψηφιακαί ασκήσεις και βασικωτέρα θεωρία μαθηματικής αναλύσεως /   |c Α. Κ. Κυριακόπουλου. 
260 |a Αθήναι :   |b [Αφών Παπαδημητροπούλου],   |c [1976].  
300 |a 246 σ. ;   |c 25 εκ.  
500 |a Διά τούς υποψηφίους και φοιτητάς Πολυτεχνείων, Πανεπιστημίων, Γεωπονικής κ.λ.π. 
500 |a Έκδοση χειρόγραφη πολυγραφημένη.  
505 8 |a Ακολουθίαι-Σειραί  
650 0 |a Mathematical analysis  |x Problems, exercises, etc. 
650 0 |a Sequences (Mathematics)  |x Problems, exercises, etc. 
650 0 |a Series  |x Problems, exercises, etc. 
740 0 |a Ακολουθίαι-Σειραί 
852 |a INST  |b SAMOS  |c MAG  |e 20150929  |h 515 ΚΥΡ  |p 005300035774  |q 005300035774  |t BK  |v τομ.1:  |y 0 
853 |a INST  |b SAMOS  |c MAG  |h 515 ΚΥΡ 
970 |a Σιτζίμη  |b Γιασεμή  |z 29/09/2015